000 00611nam a22001937a 4500
005 20170421154007.0
010 _aENG-117930
020 _a9789382623014
_c500.00
035 _aEN-101452
037 _bDBAD/PUB
082 _a371.8288297
100 _aPradhan, Niladri
245 _aMuslim girls education in India:
_cby Niladri Pradhan
_btheories and practices/
260 _aKolkata
_bReaders Service
_c2014
270 _a59/5A, Garfa Main Road
_bKolkata
_e700075
300 _axvi,176p. :
_c22cm (Hb)
_bill(maps)
500 _aIncludes references
942 _2ddc
_cEN
_h371.8288297
_mPRA
999 _c139207
_d139207